| 000 -LEADER |
| fixed length control field |
00900nam a22002057a 4500 |
| 005 - DATE AND TIME OF LATEST TRANSACTION |
| control field |
20191030161821.0 |
| 008 - FIXED-LENGTH DATA ELEMENTS--GENERAL INFORMATION |
| fixed length control field |
191030s2018 ||||| |||| 00| 0 r d |
| 020 ## - INTERNATIONAL STANDARD BOOK NUMBER |
| International Standard Book Number |
9785534073348 |
| 041 ## - LANGUAGE CODE |
| Language code of text/sound track or separate title |
rur |
| 080 ## - UNIVERSAL DECIMAL CLASSIFICATION NUMBER |
| Universal Decimal Classification number |
341(075.8) А-13 |
| 100 ## - MAIN ENTRY--PERSONAL NAME |
| Personal name |
Абашидзе, А. Х. |
| 9 (RLIN) |
432 |
| 245 ## - TITLE STATEMENT |
| Title |
Международное право : |
| Remainder of title |
Мирное разрешение споров. Учебник для бакалавриата и магистратуры / |
| Statement of responsibility, etc. |
А. Х. Абашидзе ; А.М. Солнцев. |
| 260 ## - PUBLICATION, DISTRIBUTION, ETC. |
| Place of publication, distribution, etc. |
3-е изд., испр. и дополн. |
| 264 ## - PRODUCTION, PUBLICATION, DISTRIBUTION, MANUFACTURE, AND COPYRIGHT NOTICE |
| Place of production, publication, distribution, manufacture |
Москва : |
| Name of producer, publisher, distributor, manufacturer |
Юрайт, |
| Date of production, publication, distribution, manufacture, or copyright notice |
2018. |
| 440 ## - SERIES STATEMENT/ADDED ENTRY--TITLE |
| Title |
Бакалавр и магистр. Модуль |
| 9 (RLIN) |
5124 |
| 653 ## - INDEX TERM--UNCONTROLLED |
| keyword |
Мирное разрешение споров |
| 653 ## - INDEX TERM--UNCONTROLLED |
| keyword |
საერთაშორისო სამართალი |
| 700 ## - ADDED ENTRY--PERSONAL NAME |
| Personal name |
Солнцев, А.М. |
| 9 (RLIN) |
5125 |
| 942 ## - ADDED ENTRY ELEMENTS (KOHA) |
| Source of classification or shelving scheme |
|
| Koha item type |
წიგნი |